000 00259nam a2200097Ia 4500
001 915184
005 20250826185829.0
008 250824s9999 xx 000 0 und d
245 0 _aFİLOZOFUN BİLİM GÜNLÜĞÜ
_cFATİH DİKMEN
260 _bTAZE KİTAP YAYINLARI
999 _c915184
_d915184